| 000 | 04992cam a22004694i 4500 | ||
|---|---|---|---|
| 003 | PE-LiUPU | ||
| 005 | 20250731173324.0 | ||
| 008 | 150625s2002 sp a rb 000 0 spa d | ||
| 020 | _a8481695149 | ||
| 035 | _a(Sirsi) i9788481695144 | ||
| 040 |
_aPE-LiUPU _bspa _cPE-LiUPU _erda |
||
| 049 | _aPRUA | ||
| 082 | 0 | 4 |
_a220.48415 _bG25 _221 |
| 100 | 1 |
_aGarcía Santos, Amador-Ángel, _eautor. |
|
| 245 | 1 | 0 |
_aIntroducción al griego bíblico / _cAmador-Ángel García Santos. |
| 250 | _a3a. | ||
| 264 | 1 |
_aEstella (Navarra) : _bVerbo Divino, _c2002. |
|
| 300 |
_a254 páginas : _bilustraciones ; _c24 centímetros |
||
| 336 |
_atext _2rdacontent |
||
| 337 |
_aunmediated _2rdamedia |
||
| 338 |
_avolume _2rdacarrier |
||
| 504 | _aIncluye bibliografía. | ||
| 505 | 0 | _aLa lengua griega. -El alfabeto griego. -Vocales. -Diptongos. -Consonantes. -Puntuación. -Espíritus. -Acentos. -Reglas de los acentos. -Palabras sin acentos: proclíticas. -Apóstrofe, diéresis, coronis. -La flexión griega. -Constitución de la palabra griega. -Declinación en -o: masculino y femenino singular. -El artículo singular masculino. -Tema de Presente: Indicativo e Imperativo singular. -Valor local de los casos de la flexión nominal. -Declinación en -o: masculinos y femeninos plural. -Presente de Indicativo e Imperativo plural. -Negación. -Oraciones interrogativas directas. -Uso del artículo. -El verbo eimí. Presente: Indicativo e Imperativo. Valor temporal de los casos de la flexión nominal. -El adjetivo. -El adverbio. -Declinación en-o: Neutros. -Pronombres personales: Singular. -El Infinito de presente- -El pronombre personal: plural. -El futuro. -Partículas de coordinación. -Imperfecto de indicativo. -Otros valores de la flexión nominal. -Uso del infinitivo. -Construcción y sentido de algunos verbos de uso frecuente. -El aumento de los verbos compuestos. -Declinación en -a (primera declinación): Alfa pura. -Declinación en -a (primera declinación): Alfa alargada. -El artículo y el pronombre-adjetivo demostrativo ode. -Adjetivos de tres terminaciones (1.º y 2º declinación). -Masculinos de la declinación en -a. -Palabras enclíticas. -Partículas de subordinación adverbial. -Interrogación indirecta. -Verbo eimi. -Imperfecto de indicativo. -Declinación en -a (primera declinación): Alfa impura. -Comparación del adjetivo. -Adjetivos de dos terminaciones. -El pronombre relativo. -algunos pronombres-adjetivos demostrativos y palabras emparentadas. -El adjetivo posesivo y el pronombre reflexivo. -El aoristo débil (o Aoristo sigmático, o Aoristo I). -El aspecto en la conjugación griega. -El tiempo en el modo indicativo. -Sintaxis. -Imperativo. -Las terceras personas. -Nombres contractos de la segunda declinación. -Adjetivos contractos de tres terminaciones. -El perfecto. -Función verbal del Infinitivo. -Oraciones subordinadas de Infinitivo. -Negación del Infinitivo. -La v eufónica. -Pronombre-adjetivo demostrativo outoc. -Conjunción consecutiva Wote. -La tercera declinación. Consideraciones generales. Tercera declinación. -Temas en gutural y en labial. -El modo subjuntivo: presente y aoristo. -El Subjuntivo de eimí. -Sintaxis del subjuntivo. -subjuntivo sin axv. -Tercera declinación. -Temas en nasal (-n). -Sintaxis del subjuntivo. -Subjuntivo con axv. -Tercera declinación. Temas en líquida (-r, -1). -El optativo de eimí. -Sintaxis del optativo. -Algunas formas peculiares de radical en -r. -Optativo de los verbos temáticos. -Visión de conjunto de las oraciones condicionales. -Tercera declinación. -Temas en dental. -Aoristo fuerte. -(o aoristo radical, o Aoristo segundo). -Tercera declinación: temas en -nt. -Participios en -ont. -Participio especificativo y sustantivado. -Tercera declinación. -Nombres contractos (temas en -s). -Perfecto medio-pasivo (excepto subjuntivo y optativo). -Significado de la voz medio-pasiva. -Verbos deponentes y semideponentes. -Verbos líquidos y nasales. -Verbos con reduplicación en el tema de presente. -Sintaxis. -Verbos con sufijos. -Verbos con sufijo nasal. -Verbos atemáticos. -Verbos deponentes matemáticos. | |
| 526 | _aSEG42 | ||
| 526 | _aSEG41 | ||
| 526 | _aSEG40 | ||
| 526 | _aSEG39 | ||
| 526 | _aP94 | ||
| 526 | _aP87 | ||
| 526 | _aP86 | ||
| 526 | _aP85 | ||
| 526 | _aP77 | ||
| 526 | _aP76 | ||
| 526 | _aP35 | ||
| 541 | _g006-0034650; | ||
| 650 | 0 | 4 |
_aGriego bíblico _xIntroducciones. |
| 942 |
_2ddc _cBOOK |
||
| 949 |
_a220.48415 G25 _wDEWEY _c1 _i57820 _d2016-8-14 _e2016-8-11 _lCCODEBUL1 _mBUL _n4 _p34.00 _r0 _sY _tBOOK _u2015-6-25 _xTEOLOGIA _zUNKNOWN _0COMPRA _o.STAFF. Colección General |
||
| 994 |
_aC0 _bPEPRU |
||
| 596 | _a1 | ||
| 999 |
_a220.48415 G25 _wDEWEY _c46818 _i57820 _d46818 _e2019-5-31 _f2021-11-9 _g5 _lCCODEBUL1 _mBUL _n9 _p34.00 _q12 _r0 _sY _tBOOK _u2015-6-25 _xTEOLOGIA _PP35 _0COMPRA _o.STAFF. Colección Teología |
||
| 980 |
_81 _gALBERTO SANCHEZ Responsable de Automatización |
||